Návrh riadenia chladenia zlievárenskej formy

Na minha lista:
Detalhes bibliográficos
Autor principal: Pikna, Samuel (Author)
Outros Autores: Bartalský, Lukáš (Thesis advisor)
Formato: Manuscrito Livro
Idioma:eslovaco
Publicado em: 2019
Assuntos:
Acesso em linha:http://is.stuba.sk/zp/portal_zp.pl?podrobnosti=144229
Tags: Adicionar Tag
Sem tags, seja o primeiro a adicionar uma tag!

MARC

LEADER 00000ntm a22000003a 4500
001 stuzp74109
003 SK-STU
005 20190608212839.2
007 ta
008 150427s2015----xo-----f-mn---000-0-slo-d
040 |a STU  |b slo 
041 0 |a slo 
100 1 |a Pikna, Samuel  |u 020020  |4 aut  |U SjF Strojnícka fakulta  |T SjF Ústav automatizácie, merania a aplikovanej informatiky  |X 93265  |U J0020  |Y 802  |7 93265 
242 0 1 |a Design of controll cooling casting mold  |y eng 
245 1 0 |a Návrh riadenia chladenia zlievárenskej formy 
260 |c 2019 
650 4 |a gravitačné liatie  |2 slo 
650 4 |a riadené tuhnutie odliatku  |2 slo 
650 4 |a MATLAB&Simulink  |2 slo 
650 4 |a zlievárenská forma  |2 slo 
650 4 |a MATLAB&Simulink  |2 eng 
650 4 |a gravity casting,  |2 eng 
650 4 |a controlled cooling  |2 eng 
650 4 |a casting mold  |2 eng 
700 1 |a Bartalský, Lukáš  |u 020020  |k Z2  |4 ths  |U SjF Strojnícka fakulta  |T SjF Ústav automatizácie, merania a aplikovanej informatiky  |X 57845  |U J0020  |Y 802  |7 A000057845 
856 4 |u http://is.stuba.sk/zp/portal_zp.pl?podrobnosti=144229 
996 |b 284J046022  |c J* 3132/DBP  |l JJSK  |s A  |a 24  |w stuzp74109_0001